000
00226nam a2200097Ia 4500
008
170619s9999 xx 000 0 und d
100
_a
Gureja Gopal K
245
0
_a
Creating Customer Value
260
_b
New Delhi: TMH
260
_c
1997
546
_a
ENGLISH
999
_c
16469
_d
16469